MDQL
is popping MORE tags! Check the
thread
!
Quizzes
Events
Quiz Creation
Community
Videos
Private Events
Remove Ads
Sign In
Join for FREE
Feedback
Dark Mode
Quiz Categories
Sports
Geography
Music
Movies
Television
Just For Fun
Miscellaneous
History
Literature
Language
Science
Gaming
Entertainment
Religion
Holiday
For Kids
Quiz Lab
Recent
Popular Today
Quiz Kudos Today
Editor Picks
Curator Picks
Quizzes by...
Day
Popularity
Type
Ratings
Length
Year
Community
Subscriptions
Recent Discussions
Orange Saloon
Badges
Playlists
Quests
Create
Leaderboards
Showdown
Live 5
Trivia Bingo
Activity
Puzzle Library
Sporcle Events
Private Events
Virtual Trivia
Globe League
Become a Host
Pub Owners
SporcleCon
Opinionation
Our Games
Videos
Blog
Mobile Apps
Partnerships
Remove Ads and Go Orange
Feedback
Music
Pop Music
The Beatles
Song
Album
Lyrics
Bands
Singers
Artist
Clip
Rock
Rap
Classical
Billboard
Country Music
Kpop
Taylor Swift
Music
Pop Music
The Beatles
Song
Album
Lyrics
Bands
Singers
Artist
Clip
Rock
Rap
Classical
Billboard
Country Music
Kpop
Taylor Swift
Random Quiz
Search Sporcle
×
Quiz Lab
Quiz Lab
Music
Song
Type in answers that appear in a list
Type in answers that appear in a list
Classic
Best Score? Go Orange.
Death Cab for Cutie Songs Stats
Can you name the Death Cab for Cutie studio album songs?
By
Loona
9m
71 Questions
1,060 Plays
1,060 Plays
1,060 Plays
Comments
Comments
Give Quiz Kudos
Give Quiz Kudos
-
- Ratings
hide this ad
Replay
Link that replays current quiz
Next Quiz
Link to next quiz in quiz playlist
You Got
0%
They Got
Avg Score
45%
Avg Friend Score
Upgrade to see
Score Distribution
Jump to the score distribution portion of the page
Score
0/71
Timer
09:00
0
Plays Today
Album
Song
% Correct
Transatlanticism
Transatlanticism
89.6%
Plans
I Will Follow You into the Dark
86.4%
Plans
Marching Bands of Manhattan
79.7%
Plans
What Sarah Said
78.6%
Plans
Soul Meets Body
77.3%
Plans
Brothers on a Hotel Bed
76.1%
Narrow Stairs
Cath...
75.4%
Transatlanticism
The New Year
74.7%
Plans
Crooked Teeth
73.6%
Narrow Stairs
I Will Possess Your Heart
73.4%
Transatlanticism
The Sound of Settling
69.2%
Transatlanticism
Title and Registration
68.7%
Transatlanticism
We Looked Like Giants
68.6%
Narrow Stairs
Grapevine Fires
67.4%
Narrow Stairs
Bixby Canyon Bridge
67.1%
Transatlanticism
A Lack of Color
67%
Plans
Summer Skin
63.4%
Transatlanticism
Passenger Seat
63.1%
Transatlanticism
Expo '86
61.7%
Transatlanticism
Tiny Vessels
58.8%
Transatlanticism
Lightness
58.4%
Plans
Stable Song
56.8%
Narrow Stairs
The Ice Is Getting Thinner
54.4%
Narrow Stairs
Talking Bird
53.2%
Transatlanticism
Death of an Interior Decorator
52.5%
Plans
Your Heart Is an Empty Room
51.1%
Narrow Stairs
Long Division
50.9%
Plans
Different Names for the Same Thing
50.6%
Plans
Someday You Will Be Loved
50.2%
Narrow Stairs
Your New Twin Sized Bed
49.5%
Narrow Stairs
No Sunlight
47.1%
We Have the Facts and We're Voting Yes
405
46.6%
The Photo Album
A Movie Script Ending
46.2%
The Photo Album
Styrofoam Plates
44.4%
Narrow Stairs
You Can Do Better Than Me
43.9%
We Have the Facts and We're Voting Yes
Company Calls
43.5%
Album
Song
% Correct
The Photo Album
Coney Island
41.7%
We Have the Facts and We're Voting Yes
Title Track
40.4%
We Have the Facts and We're Voting Yes
Company Calls Epilogue
39.6%
Narrow Stairs
Pity and Fear
39.1%
Something About Airplanes
President of What?
39%
Something About Airplanes
Champagne from a Paper Cup
36.8%
You Can Play These Songs with Chords
President of What?
36%
The Photo Album
We Laugh Indoors
35.1%
The Photo Album
Why You'd Want to Live Here
34.4%
You Can Play These Songs with Chords
Champagne from a Paper Cup
33.5%
The Photo Album
Blacking Out the Friction
33.3%
The Photo Album
I Was a Kaleidoscope
32.1%
Something About Airplanes
Bend to Squares
31.5%
The Photo Album
Debate Exposes Doubt
31.4%
We Have the Facts and We're Voting Yes
Scientist Studies
31.3%
The Photo Album
Information Travels Faster
30.5%
The Photo Album
Steadier Footing
30.2%
We Have the Facts and We're Voting Yes
Lowell, MA
29.5%
We Have the Facts and We're Voting Yes
No Joy in Mudville
29.3%
Something About Airplanes
The Face That Launched 1000 ****
28.8%
We Have the Facts and We're Voting Yes
Little Fury Bugs
28.2%
We Have the Facts and We're Voting Yes
The Employment Pages
25.6%
Something About Airplanes
Amputations
24%
Something About Airplanes
Your Bruise
23.8%
Something About Airplanes
Line of Best Fit
23.7%
We Have the Facts and We're Voting Yes
For What Reason
23.6%
You Can Play These Songs with Chords
Amputations
22.1%
You Can Play These Songs with Chords
Line of Best Fit
22%
Something About Airplanes
Pictures in an Exhibition
20%
You Can Play These Songs with Chords
Pictures in an Exhibition
18.5%
Something About Airplanes
Fake Frowns
16.1%
Something About Airplanes
Sleep Spent
14.7%
You Can Play These Songs with Chords
Hindsight
11.6%
You Can Play These Songs with Chords
Two Cars
10.9%
You Can Play These Songs with Chords
That's Incentive
9.5%
Quiz Playlist
Details
Report
Send in Message
Add To Playlist
Classic:
Type in answers that appear in a list
Quiz Source
Last Updated: Feb 16, 2017
Quiz Scoreboard
CHALLENGE
Sign Up to Join the Scoreboard
Show All
Scores
Hide
Comments
May contain spoilers
Recently Published
Two Season TV Shows II
by 123Four
Television
10m
Image Sorting: Flags VI
by Barbecue
Geography
2m
Find the 'City' Movie
by crazypaving
Movies
60s
More to Explore
Quiz From the Vault
Featured Blog Post
14 Easter Pick-up Lines to Find Eggs With
hide this ad
You Might Also Like...
Tags
Album Quiz
Song Quiz
Cab
death
studio
Today's Top Quizzes in Music
Browse Music
hide this ad
Today's Top Quizzes in Song
Browse Song
Top Contributed Quizzes in Music
1
5X2 Blitz: Bands II
2
5X2 Blitz: The Beatles
3
Taylor Swift All Songs (2024)
4
5X2 Blitz: Billboard
5
5X2 Blitz: Billboard II
6
Music Artist by Three 2010s hits
7
5X2 Blitz: Album
8
5X2 Blitz: Rock
9
5X2 Blitz: Singers
10
5X2 Blitz: Lyrics
Explore More
Trending Topics
Kpop
Marvel
Anime
Crossword
NBA
Harry Potter
Disney
WWE
Soccer
The Office
Pokémon
Song
NFL
Puzzle
Country
hide this ad
More By:
Loona
Quiz
Plays
Rating
Category
Featured
Created
Amino Acid Abbreviations (3-Letter)
253,851
4.18
Science
Nov 17, 2009
Mammals by Order
92,435
4.26
Science
Jan 31, 2010
Countries with the Most Mammals
38,988
4.66
Science
Dec 31, 2009
Mitosis Stages
38,360
4.56
Science
Jan 2, 2010
Amino Acid Abbreviations (1-letter)
19,431
4.20
Science
Nov 17, 2009
Go to Creator's Profile
Score Distribution
Quiz Creator Spotlight
Loona
Follow
Send a Message
Quizzes Created
-
Created Quiz Play Count
-
More By This Creator
Popular Quizzes Today
1
Find the US States - No Outlines Minefield
2
Colored Red Africa Blitz
3
Find the 'City' Movie
4
5x2 Blitz: Bands
5
The Countries of the World
6
Find the Countries of Europe - No Outlines Minefield
7
Find the US States
8
US States
More Music Quizzes
5-Star Rock Band Founding Members
Published
Trending Quizzes
Colored Red Europe Blitz I
Colored Red Africa Blitz II
Colored Red Europe Blitz II
Even More Two Season TV Shows
Colored Red Africa Blitz III
Recently Updated
March Madness Men's Triple Doubles
pecheneg
How Do You Spell That?
pecheneg
Godzilla Movies
pecheneg
Grab Bag: 4-10 Letters
pecheneg
2024 March Madness Bracket
pecheneg
Famous TV Couples
Peacemaker
Champions League XIs: Real Madrid
pecheneg
Largest US Cities 1790-2010
pecheneg
Rides in Walt Disney World
pecheneg
Most Oscar Losses (Acting)
pecheneg
Trending Topics
Kpop
Crossword
Marvel
Anime
Harry Potter
Disney
NBA
Country
The Office
Soccer
Puzzle
NFL
Pokémon
Song
WWE
Your Account Isn't Verified!
In order to create a playlist on Sporcle, you need to verify the email address you used during registration. Go to your
Sporcle Settings
to finish the process.
Report this User
Report this user for behavior that violates our
Community Guidelines
.
Details:
Send Report
Go to the Sporcle.com Mobile Site →
Comments